00589nam a2200157 a 450000100100000000500170001000800410002704000250006810000440009324501050013725000110024226000210025330000350027495201050030999900170041400003674220200930075917.0120127s19uu xx 000 0 spa d aDO-SdBNPbspacBNPHU1 aAndújar Carvajal, Carmen Delia96306610aFolleto de teoría musical y biografías de músicos celebres /cCarmen Delia Andújar Carvajal. a3a ed. a[s. n.,cs.n. ]. a49 p. :bil., mús. ;c22 cm. 001050718MOaGRbGRcCTd2012-01-27iLF1l0o p36742-10r2020-06-25w2020-06-25y1ZNo se presta c36233d36233